000 01271nam a2200265Ia 4500
003 OSt
005 20220930094802.0
006 a|||||r|||| 00| 0
007 ta
008 220926b |||||||| |||| 00| 0 hin d
024 _a19156
037 _cTheses
040 _aCRL
_cCRL
_bhin
041 _2hin
_ahin
100 _aशाव, अमरदीप
110 _aदिल्ली विश्वविद्यालय. कला संकाय. हिन्दी विभाग
245 0 _aरेहन पर रग्घू उपन्यास में चित्रित ग्रामीण मध्यवर्गीय जीवन का यथार्थ
246 _aRehan par ragghū upanyās mean chitrit grāmīṇ madhyavargīya jīvan kā yathārtha
260 _c2013
650 _aहिन्दी साहित्य
700 _a प्रो. कैलाश नारायण तिवारी, गा.
_9556284
700 _aदिल्ली विश्वविद्यालय. कला संकाय. हिन्दी विभाग
942 _cDIS
_2CC
999 _c887681
_d887681